[Event "Clichy Rapid op"]
[Site "Clichy"]
[Date "2023.07.09"]
[Round "3"]
[White "Boumrar, Ayrad"]
[Black "Sorbe, Stephane"]
[Result "1/2-1/2"]
[WhiteElo "1926"]
[BlackElo "2320"]
[PlyCount "98"]
[EventDate "2023.07.09"]
[EventType "swiss (rapid)"]
[EventRounds "9"]
[EventCountry "FRA"]
[SourceTitle "CBM 215 Extra"]
[Source "ChessBase"]
[SourceDate "2023.09.30"]
[SourceVersion "1"]
[SourceVersionDate "2023.09.30"]
[SourceQuality "1"]

1. d4 d5 2. c4 c6 3. Nf3 Nf6 4. Nc3 dxc4 5. a4 Bf5 6. e3 e6 7. Bxc4 Bb4 8. 0-0 0-0 9. Qe2 Bg4 10. Rd1 Qa5 11. Bd2 Qh5 12. h3 Bxf3 13. Qxf3 Qxf3 14. gxf3 Nbd7 15. Ne4 a5 16. Nxf6+ Nxf6 17. e4 Rfd8 18. Bg5 h6 19. Bxf6 gxf6 20. d5 cxd5 21. exd5 Rac8 22. b3 e5 23. Rac1 Kf8 24. Rc2 Ke7 25. f4 Kd6 26. fxe5+ fxe5 27. Kh1 Rg8 28. Rg1 Bc5 29. Rg2 f5 30. f3 e4 31. fxe4 fxe4 32. Rce2 e3 33. Rxg8 Rxg8 34. Rg2 Rxg2 35. Kxg2 Ke5 36. Kf3 Kd4 37. Ke2 Be7 38. Kf3 Bd6 39. Ke2 Ke4 40. Bd3+ Kf4 41. Bg6 Bc5 42. Be8 Ke4 43. Bh5 b6 44. Be8 Kxd5 45. Bb5 Kd4 46. Bc4 Be7 47. Be6 Bg5 48. Bf7 Ke5 49. Be8 Kd4 1/2-1/2

[Event "FRA-ch U14"]
[Site "Agen"]
[Date "2022.04.21"]
[Round "6"]
[White "Marchix, Esteban"]
[Black "Boumrar, Ayrad"]
[Result "1/2-1/2"]
[WhiteElo "1775"]
[BlackElo "2055"]
[PlyCount "76"]
[EventDate "2022.04.16"]
[EventType "swiss"]
[EventRounds "9"]
[EventCountry "FRA"]
[SourceTitle "EXT 2023"]
[Source "ChessBase"]
[SourceDate "2022.10.05"]
[SourceVersion "1"]
[SourceVersionDate "2022.10.05"]
[SourceQuality "1"]

1. e4 c5 2. Nf3 e6 3. d4 cxd4 4. Nxd4 Nc6 5. Nc3 Qc7 6. g3 a6 7. Bg2 d6 8. 0-0 Bd7 9. Re1 Nf6 10. Nxc6 Bxc6 11. Bf4 Rd8 12. Nd5 Bxd5 13. exd5 e5 14. a4 Be7 15. Be3 0-0 16. Bh3 Qc4 17. Bb6 Ra8 18. Bg2 Nd7 19. Re4 Qc8 20. Be3 f5 21. Rb4 a5 22. Rb5 f4 23. Bd2 fxg3 24. hxg3 Qc7 25. Be3 Rac8 26. c3 Nf6 27. Bb6 Qd7 28. Rxa5 Bd8 29. Bxd8 Rcxd8 30. Qe2 h5 31. Rb5 Rf7 32. Rb4 Rdf8 33. Rf1 g5 34. Qe3 Qf5 35. Be4 Qh3 36. Bg2 Qf5 37. Be4 Qh3 38. Bg2 Qf5 1/2-1/2

[Event "FRA-ch U12"]
[Site "Agen"]
[Date "2021.10.30"]
[Round "8"]
[White "Boumrar, Ayrad"]
[Black "Khoury, Theo"]
[Result "1/2-1/2"]
[WhiteElo "1922"]
[BlackElo "1814"]
[PlyCount "128"]
[EventDate "2021.10.22"]
[EventType "swiss"]
[EventRounds "9"]
[EventCountry "FRA"]
[SourceTitle "EXT 2023"]
[Source "ChessBase"]
[SourceDate "2022.10.05"]
[SourceVersion "1"]
[SourceVersionDate "2022.10.05"]
[SourceQuality "1"]

1. d4 Nf6 2. c4 c5 3. d5 e6 4. Nc3 exd5 5. cxd5 d6 6. e4 g6 7. Bd3 Bg7 8. h3 0-0 9. Nf3 b5 10. Nxb5 Re8 11. 0-0 Nxe4 12. Qa4 a6 13. Bxe4 Bd7 14. Bd3 Qb6 15. Ng5 Bxb5 16. Bxb5 Qxb5 17. Qh4 h5 18. Ne4 Qd7 19. Re1 f5 20. Nf6+ Bxf6 21. Rxe8+ Qxe8 22. Qxf6 Qe1+ 23. Kh2 Qe5+ 24. Qxe5 dxe5 25. Be3 Nd7 26. Rc1 Rc8 27. b4 c4 28. Bc5 Nf6 29. d6 Kf7 30. Rxc4 Ne4 31. d7 Rd8 32. f3 Nd2 33. Rc2 Rxd7 34. Kg1 Ke6 35. Kf2 Nb1 36. a4 Rd2+ 37. Rxd2 Nxd2 38. Ke2 Nc4 39. Kd3 Kd5 40. Ba7 Nd6 41. g4 hxg4 42. hxg4 f4 43. Bb8 Nc4 44. b5 a5 45. Kc3 Nb6 46. Kb3 Nd7 47. Ba7 Nf8 48. Kc3 Ne6 49. Kd3 Nd8 50. Bf2 Nb7 51. Bb6 Kd6 52. Kc4 Ke6 53. Bc7 g5 54. Bb8 e4 55. fxe4 f3 56. Kd3 Nc5+ 57. Ke3 Nxa4 58. Bc7 Nc3 59. Bxa5 Nxb5 60. Kxf3 Nd6 61. Bd2 Nf7 62. Bc1 Ne5+ 63. Kg3 Nf7 64. Bb2 Nd6 1/2-1/2

[Event "FRA-ch U12"]
[Site "Agen"]
[Date "2021.10.29"]
[Round "7"]
[White "Iino Jubin, Enzo"]
[Black "Boumrar, Ayrad"]
[Result "1-0"]
[WhiteElo "1876"]
[BlackElo "1922"]
[PlyCount "69"]
[EventDate "2021.10.22"]
[EventType "swiss"]
[EventRounds "9"]
[EventCountry "FRA"]
[SourceTitle "EXT 2023"]
[Source "ChessBase"]
[SourceDate "2022.10.05"]
[SourceVersion "1"]
[SourceVersionDate "2022.10.05"]
[SourceQuality "1"]

1. e4 c5 2. Nf3 e6 3. c3 Nf6 4. e5 Nd5 5. d4 cxd4 6. cxd4 d6 7. Bc4 Nb6 8. Bd3 dxe5 9. dxe5 Bd7 10. 0-0 Bc6 11. Nc3 N8d7 12. Bf4 Be7 13. Ne4 Rc8 14. Rc1 0-0 15. Qe2 Nd5 16. Bg3 Nb4 17. Bb1 a6 18. Rfd1 Bb5 19. Qd2 Rxc1 20. Rxc1 Nb6 21. Nd6 Bxd6 22. exd6 N4d5 23. Qc2 g6 24. h4 Nc8 25. a4 Bc6 26. Ne5 Nb4 27. Qc3 Nd5 28. Qa3 f5 29. Nxc6 bxc6 30. Be5 f4 31. Qh3 Re8 32. h5 g5 33. Bxh7+ Kf8 34. Bg6 Nxd6 35. Bxe8 1-0

[Event "FRA-ch U12"]
[Site "Agen"]
[Date "2021.10.25"]
[Round "2"]
[White "Boumrar, Ayrad"]
[Black "Kouam, Noe"]
[Result "1-0"]
[WhiteElo "1922"]
[BlackElo "1495"]
[PlyCount "63"]
[EventDate "2021.10.22"]
[EventType "swiss"]
[EventRounds "9"]
[EventCountry "FRA"]
[SourceTitle "EXT 2023"]
[Source "ChessBase"]
[SourceDate "2022.10.05"]
[SourceVersion "1"]
[SourceVersionDate "2022.10.05"]
[SourceQuality "1"]

1. d4 d6 2. c4 f5 3. Nf3 Nf6 4. Bg5 Nbd7 5. Nc3 g6 6. g3 Bg7 7. Bg2 0-0 8. 0-0 c6 9. Qb3 c5 10. Rfd1 cxd4 11. Nxd4 Nc5 12. Qc2 Qb6 13. Bxf6 Bxf6 14. Nd5 Qd8 15. Nxf6+ Rxf6 16. b4 Na6 17. Qb3 Kg7 18. c5 e5 19. Nb5 Be6 20. Bd5 Bxd5 21. Qxd5 Nxb4 22. Qb3 Qa5 23. Nxd6 Qxc5 24. Rac1 Qb6 25. Nc8 Qa5 26. Rd7+ Kh6 27. Rcc7 f4 28. h4 g5 29. Rxh7+ Kg6 30. h5+ Kf5 31. Ne7+ Ke4 32. Rc4# 1-0

[Event "FRA-ch U20"]
[Site "Europe Echecs INT"]
[Date "2020.07.12"]
[Round "8"]
[White "Boumrar, Ayrad"]
[Black "Fondrat, Johan"]
[Result "0-1"]
[WhiteElo "1431"]
[BlackElo "1509"]
[PlyCount "162"]
[EventDate "2020.07.12"]
[EventType "swiss (rapid)"]
[EventRounds "9"]
[EventCountry "FRA"]
[SourceTitle "EXT 2021"]
[Source "ChessBase"]
[SourceDate "2020.10.23"]
[SourceVersion "1"]
[SourceVersionDate "2020.10.23"]
[SourceQuality "1"]

1. d4 d5 2. c4 c6 3. Nf3 Nf6 4. Nc3 g6 5. Qb3 Qb6 6. c5 Qxb3 7. axb3 a6 8. Bf4 Bg7 9. e3 0-0 10. Be2 Nh5 11. Be5 f6 12. Bc7 Be6 13. 0-0 Rc8 14. Bg3 Nxg3 15. hxg3 Bf7 16. b4 e5 17. b5 a5 18. Na4 Nd7 19. bxc6 bxc6 20. Rfc1 Rcb8 21. Kf1 Kf8 22. Ke1 g5 23. Nh2 Bg6 24. Nf3 h6 25. Nd2 Rb4 26. Nf3 f5 27. dxe5 Nxe5 28. Nxe5 Bxe5 29. Nb6 Ra7 30. Ra2 Bxb2 31. Rc2 Bf6 32. Bd3 Rb3 33. Ke2 Rxd3 34. Kxd3 f4+ 35. Kd2 Bxc2 36. Kxc2 fxg3 37. fxg3 Be7 38. Na4 Rb7 39. Rb2 Rxb2+ 40. Kxb2 Kf7 41. Kc3 Ke6 42. Kd3 Ke5 43. g4 Ke6 44. Kd4 Bf6+ 45. Kd3 Kd7 46. Nb6+ Kc7 47. Na4 Kb7 48. Kc2 Ka6 49. Kb3 Kb5 50. Nb6 Be7 51. Nd7 Bxc5 52. Ne5 Bxe3 53. Nf7 a4+ 54. Kc2 Kb4 55. Nxh6 a3 56. Kb1 Kb3 57. Nf5 a2+ 58. Ka1 Bc1 59. Nd4+ Ka3 60. Nc2+ Kb3 61. Nd4+ Kc3 62. Ne2+ Kd2 63. Nd4 c5 64. Nb3+ Kc2 65. g3 c4 66. Nd4+ Kd3 67. Ne6 c3 68. Nc5+ Kc4 69. Nb3 Be3 70. Kxa2 d4 71. Na5+ Kd3 72. Nb3 Kc2 73. Na1+ Kd1 74. Kb1 d3 75. Ka2 c2 76. Nb3 c1Q 77. Nxc1 Kxc1 78. Ka1 d2 79. Ka2 d1Q 80. Ka3 Bc5+ 81. Ka2 Qa4# 0-1

[Event "FRA-ch Blitz Online Qual"]
[Site "Europe Echecs INT"]
[Date "2020.05.16"]
[Round "1"]
[White "Boumrar, Ayrad"]
[Black "Naillou, Thomas"]
[Result "1-0"]
[WhiteElo "1431"]
[BlackElo "2072"]
[PlyCount "149"]
[EventDate "2020.05.16"]
[EventType "swiss (blitz)"]
[EventRounds "15"]
[EventCountry "FRA"]
[SourceTitle "CBM 196 Extra"]
[Source "ChessBase"]
[SourceDate "2020.07.31"]
[SourceVersion "1"]
[SourceVersionDate "2020.07.31"]
[SourceQuality "1"]

1. d4 Nf6 2. c4 c5 3. d5 b5 4. cxb5 a6 5. b6 d6 6. Nc3 Nbd7 7. Nf3 g6 8. e4 Qxb6 9. Be2 Bg7 10. 0-0 0-0 11. a4 Qc7 12. Be3 Ng4 13. Qd2 Nxe3 14. Qxe3 Ne5 15. Nxe5 Bxe5 16. Bc4 Bd7 17. Kh1 Rfb8 18. f4 Bd4 19. Qd2 Rb4 20. b3 a5 21. Rac1 Re8 22. Ne2 Bg7 23. f5 Be5 24. fxg6 hxg6 25. Qh6 Bg7 26. Qh4 Bf6 27. Rxf6 exf6 28. Qh6 Re5 29. Rc3 Rh5 30. Qf4 Kg7 31. Rf3 f5 32. Ng3 Rh7 33. h3 Bxa4 34. exf5 Rb8 35. bxa4 Rhh8 36. fxg6 fxg6 37. Qf6+ Kh7 38. Rf4 Qg7 39. Rh4+ Kg8 40. Rxh8+ Kxh8 41. Qxd6 Rb1+ 42. Kh2 Qd4 43. Bf1 Rb3 44. Qf8+ Kh7 45. Qf7+ Kh6 46. Qf8+ Kh7 47. Qf7+ Kh6 48. Qf8+ Qg7 49. Qxg7+ Kxg7 50. Bb5 Kf6 51. d6 Rb4 52. d7 Ke7 53. Ne2 c4 54. Nc3 Rb3 55. Nd5+ Kd8 56. Bxc4 Rb1 57. Bb5 Rd1 58. Ne3 Rd4 59. Ng4 Rd6 60. Ne5 Kc7 61. Nf7 Rxd7 62. Bxd7 Kxd7 63. Ne5+ Kd6 64. Nxg6 Kc5 65. Ne5 Kb4 66. h4 Kxa4 67. h5 Kb3 68. Nc6 a4 69. Na5+ Kb4 70. Nc6+ Kc5 71. h6 a3 72. h7 a2 73. h8Q Kxc6 74. Qb2 Kc5 75. Qxa2 1-0

[Event "FRA-ch Blitz Online Qual"]
[Site "Europe Echecs INT"]
[Date "2020.05.16"]
[Round "2"]
[White "Van Hoolandt, Patrick"]
[Black "Boumrar, Ayrad"]
[Result "1/2-1/2"]
[WhiteElo "2063"]
[BlackElo "1431"]
[PlyCount "127"]
[EventDate "2020.05.16"]
[EventType "swiss (blitz)"]
[EventRounds "15"]
[EventCountry "FRA"]
[SourceTitle "CBM 196 Extra"]
[Source "ChessBase"]
[SourceDate "2020.07.31"]
[SourceVersion "1"]
[SourceVersionDate "2020.07.31"]
[SourceQuality "1"]

1. d4 Nf6 2. c4 e6 3. Nf3 Be7 4. Nc3 d5 5. Bg5 0-0 6. Qc2 h6 7. Bh4 Ne4 8. Bxe7 Qxe7 9. Nxe4 dxe4 10. Qxe4 Qb4+ 11. Nd2 Qxb2 12. Rb1 Qxa2 13. e3 Nc6 14. Bd3 f5 15. Qf3 a5 16. Qd1 Nb4 17. Be2 Nc2+ 18. Kf1 f4 19. Rc1 Nb4 20. Ra1 Qc2 21. e4 Qxd1+ 22. Rxd1 a4 23. Ra1 Bd7 24. f3 Nc2 25. Ra2 Nxd4 26. Bd3 e5 27. Kf2 c5 28. Rb1 Bc6 29. Rb6 Rfd8 30. Ke1 Nxf3+ 31. Nxf3 Rxd3 32. Nxe5 Re3+ 33. Kf2 Rxe4 34. Nxc6 bxc6 35. Rxc6 Rxc4 36. Rc7 a3 37. h4 Rc1 38. Kf3 Rc3+ 39. Kxf4 Rb8 40. Ra7 Rbb3 41. g4 Rb4+ 42. Kf5 Rf3+ 43. Ke6 Rf6+ 44. Kd5 Rf3 45. Kxc5 Rbb3 46. Kc4 Rbe3 47. g5 hxg5 48. hxg5 Rg3 49. Ra5 Re4+ 50. Kd5 Reg4 51. Ra8+ Kh7 52. R2xa3 Rxg5+ 53. Ke6 Rxa3 54. Rxa3 Kg6 55. Ra6 Rg4 56. Ke5+ Kg5 57. Ra5 g6 58. Ra8 Kh4 59. Rh8+ Kg3 60. Rg8 g5 61. Rg6 Kg2 62. Kf5 Rg3 63. Rxg5 Rxg5+ 64. Kxg5 1/2-1/2